000 00621nam a2200169 a 4500
008 120416s1999 ||||||||||||||||| || u
020 _a0889368554
050 _aHC 800 Mka
100 _aMkandawire, Thandika
245 1 0 _aOur continent, our future
246 _aafrican perspectives on structural adjustment
260 _aOttawa
_bIDRC
_c1999
350 _a0.00
650 _aSTRUCTURAL ADJUSTMENT(ECONOMIC POLICY)--AFRICA, SUB-SAHARAN
650 0 _aECONOMICS
995 _D0.00
_FCBU-MAIN LIBRARY (Kitwe)
_H1
_I0.00
_M1
_UAVAILABLE
_ZAnnex Low-Usage Collection
999 _c52974
_d52974